Financial statement analysis / (Record no. 3196)

000 -LEADER
fixed length control field 01274cam a2200325 a 4500
001 - CONTROL NUMBER
control field 15197528
003 - CONTROL NUMBER IDENTIFIER
control field OSt
005 - DATE AND TIME OF LATEST TRANSACTION
control field 20160907102138.0
008 - FIXED-LENGTH DATA ELEMENTS--GENERAL INFORMATION
fixed length control field 080228s2009 maua b 001 0 eng
010 ## - LIBRARY OF CONGRESS CONTROL NUMBER
LC control number 2008008981
020 ## - INTERNATIONAL STANDARD BOOK NUMBER
International Standard Book Number 9780072870213
040 ## - CATALOGING SOURCE
Original cataloging agency DLC
Transcribing agency DLC
Modifying agency DLC
050 00 - LIBRARY OF CONGRESS CALL NUMBER
Classification number HF5681.S83 2004
100 1# - MAIN ENTRY--PERSONAL NAME
Personal name Subramanyam, K. R.
245 10 - TITLE STATEMENT
Title Financial statement analysis /
Statement of responsibility, etc K.R. Subramanyam, John J. Wild.
250 ## - EDITION STATEMENT
Edition statement 8th ed.
260 ## - PUBLICATION, DISTRIBUTION, ETC. (IMPRINT)
Place of publication, distribution, etc Boston :
Name of publisher, distributor, etc McGraw-Hill ,
Date of publication, distribution, etc 2004.
300 ## - PHYSICAL DESCRIPTION
Extent xix, various pages. :
Other physical details ill.
Dimensions 25cm
500 ## - GENERAL NOTE
General note Wild's name appears first on earlier editions.
504 ## - BIBLIOGRAPHY, ETC. NOTE
Bibliography, etc Includes bibliographical references and index.
650 #0 - SUBJECT ADDED ENTRY--TOPICAL TERM
Topical term or geographic name as entry element Financial statements.
700 1# - ADDED ENTRY--PERSONAL NAME
Personal name Wild, John J.
700 1# - ADDED ENTRY--PERSONAL NAME
Personal name Halsey, Robert F.
856 42 - ELECTRONIC LOCATION AND ACCESS
Materials specified Contributor biographical information
Uniform Resource Identifier <a href="http://www.loc.gov/catdir/enhancements/fy0829/2008008981-b.html">http://www.loc.gov/catdir/enhancements/fy0829/2008008981-b.html</a>
856 42 - ELECTRONIC LOCATION AND ACCESS
Materials specified Publisher description
Uniform Resource Identifier <a href="http://www.loc.gov/catdir/enhancements/fy0829/2008008981-d.html">http://www.loc.gov/catdir/enhancements/fy0829/2008008981-d.html</a>
856 41 - ELECTRONIC LOCATION AND ACCESS
Materials specified Table of contents only
Uniform Resource Identifier <a href="http://www.loc.gov/catdir/enhancements/fy0829/2008008981-t.html">http://www.loc.gov/catdir/enhancements/fy0829/2008008981-t.html</a>
906 ## - LOCAL DATA ELEMENT F, LDF (RLIN)
a 7
b cbc
c orignew
d 1
e ecip
f 20
g y-gencatlg
942 ## - ADDED ENTRY ELEMENTS (KOHA)
Source of classification or shelving scheme
Koha item type Book
Holdings
Withdrawn status Lost status Source of classification or shelving scheme Damaged status Not for loan Home library Current library Shelving location Date acquired Total Checkouts Full call number Barcode Date last seen Copy number Price effective from Koha item type
          Riara University Library Riara University Library General stack 07/09/2016   HF5681.S83 2004 7729/16 07/09/2016 C.1 07/09/2016 Book

Riara University Library,
P.O. Box 49940-00100,
Nairobi, Kenya.